Modern Warfare 2 Killstreaks - Statistics

General Stats
  • This quiz has been taken 472 times
  • The average score is 13 of 16
Answer Stats
Killstreak Answer % Correct
3 UAV
99%
25 Tactical Nuke
98%
4 Care Package
96%
4 Counter UAV
92%
11 AC 130
90%
11 Chopper Gunner
87%
7 Harrier Airstrike
87%
15 EMP
86%
5 Predator Missile
84%
9 Pavelow
75%
5 Sentry Gun
73%
7 Attack Helicopter
70%
8 Emergency Airdrop
61%
6 Precision Airstrike
59%
9 Stealth Bomber
50%
Carepackage Ammo
48%
No matching quizzes found
Score Distribution
Percent of People with Each Score
Percentile by Number Answered
Your Score History
You have not taken this quiz